La Révolution française : 1787-1804 (notice n° 2198512)
[ vue normale ]
| 000 -LEADER | |
|---|---|
| fixed length control field | 01215cam a2200145 4500500 |
| 005 - DATE AND TIME OF LATEST TRANSACTION | |
| control field | 20260405085545.0 |
| 041 ## - LANGUAGE CODE | |
| Language code of text/sound track or separate title | fre |
| 042 ## - AUTHENTICATION CODE | |
| Authentication code | dc |
| 100 10 - MAIN ENTRY--PERSONAL NAME | |
| Personal name | Biard, Michel |
| Relator term | author |
| 245 00 - TITLE STATEMENT | |
| Title | La Révolution française : 1787-1804 |
| 260 ## - PUBLICATION, DISTRIBUTION, ETC. | |
| Name of publisher, distributor, etc. | Armand Colin,<br/> |
| Date of publication, distribution, etc. | 2024.<br/> |
| 520 ## - SUMMARY, ETC. | |
| Summary, etc. | La Révolution française est ici revisitée à la lumière des recherches novatrices qui ont vu le jour depuis la célébration du bicentenaire. L’ouvrage est ordonné selon un plan qui, tout en respectant le récit chronologique, insiste sur certains aspects thématiques. Deux approches ont été particulièrement privilégiées : d’une part, la Révolution est saisie comme une rupture politique majeure, fondamentale pour la construction de la démocratie en France ; d’autre part, elle est replacée dans son environnement international à travers ses singularités et ses influences dans le monde de la fin du XVIIIe siècle. Cet ouvrage, panorama clair et complet, donne à voir et à comprendre l'un des événements majeurs de l'histoire universelle. |
| 700 10 - ADDED ENTRY--PERSONAL NAME | |
| Personal name | Dupuy, Pascal |
| Relator term | author |
| 856 41 - ELECTRONIC LOCATION AND ACCESS | |
| Uniform Resource Identifier | <a href="https://shs.cairn.info/la-revolution-francaise-4e-ed--9782200633820?lang=fr&redirect-ssocas=7080">https://shs.cairn.info/la-revolution-francaise-4e-ed--9782200633820?lang=fr&redirect-ssocas=7080</a> |
Pas d'exemplaire disponible.




Réseaux sociaux